书目信息 |
| 题名: |
美好的人生
|
|
| 作者: | 卡耐基, , 卡耐基 著 ;汝敏 编译 | |
| 分册: | ||
| 出版信息: | 北京 民主与建设出版社 2004.06 |
|
| 页数: | 184页 | |
| 开本: | 21cm | |
| 丛书名: | 卡耐基成功智慧丛书 | |
| 单 册: | ||
| 中图分类: | B825 | |
| 科图分类: | ||
| 主题词: | 个人--修养 | |
| 电子资源: | ||
| ISBN: | 7-80112-187-2 | |
| 000 | 01000nam 2200277 450 | |
| 001 | 0121545454 | |
| 005 | 20050203114135.34 | |
| 010 | @a7-80112-187-2@d16.00CNY | |
| 100 | @a20041004d2004 km y0chiy0120 ea | |
| 101 | 1 | @achi@ceng |
| 102 | @aCN@b110000 | |
| 105 | @ay z 000yy | |
| 200 | 1 | @a美好的人生@AMei Hao De Ren Sheng@e与人沟通的高效法则@f(美)卡耐基著@F(mei)ka nai ji zhu@g汝敏编译@Gru min bian yi |
| 210 | @a北京@c民主与建设出版社@d2004.06 | |
| 215 | @a184页@d21cm | |
| 225 | 2 | @a卡耐基成功智慧丛书 |
| 330 | @a本书介绍如何影响他人的15种有效方法,编为三章:如何与人友好相处、如何改变他人、使家庭生活更快乐的原则。附录:如何推销你自己。 | |
| 410 | 0 | @12001 @a卡耐基成功智慧丛书 |
| 517 | 1 | @a与人沟通的高效法则@AYu Ren Gou Tong De Gao Xiao Fa Ze |
| 606 | 0 | @a个人@x修养 |
| 690 | @aB825@v4 | |
| 701 | 1 | @a卡耐基,@AKa Nai Ji,@bD.@g(Carnegie,D.)@f1888-1955@4著 |
| 701 | 0 | @a卡耐基@Aka nai ji@4著 |
| 702 | 0 | @a汝敏@Aru min@4编译 |
| 801 | 0 | @c20050203 |
| 905 | @a10447@dB825@eK071 | |
| 美好的人生:与人沟通的高效法则/(美)卡耐基著/汝敏编译.-北京:民主与建设出版社,2004.06 |
| 184页;21cm.-(卡耐基成功智慧丛书) |
| ISBN 7-80112-187-2:16.00CNY |
| 本书介绍如何影响他人的15种有效方法,编为三章:如何与人友好相处、如何改变他人、使家庭生活更快乐的原则。附录:如何推销你自己。 |
| ● |
| 相关链接 |
|
|
|
正题名:美好的人生
索取号:B825/K071
 
预约/预借
| 序号 | 登录号 | 条形码 | 馆藏地/架位号 | 状态 | 备注 |
| 1 | 522235 | 205222356 | 社科库509/509社科库 29排3列4层/ [索取号:B825/K071] | 在馆 | |
| 2 | 522236 | 205222365 | 社科库509/309社科库 46排1列2层/ [索取号:B825/K071] | 在馆 | |
| 3 | 522237 | 205222374 | 社科库509/509社科库 29排3列4层/ [索取号:B825/K071] | 在馆 |